|
|
|
|
| LEADER |
00000cim a2200000 a 4500 |
| 001 |
vtls010424764 |
| 003 |
SK-MaSNL |
| 005 |
20260301085348.0 |
| 007 |
sd fmngnnmmned |
| 008 |
120522s2012 xo nnnnfs f n slo |
| 015 |
|
|
|a SNBJ2013
|
| 020 |
|
|
|a 9788081108853 (CDROM)
|
| 040 |
|
|
|a SNK
|b slo
|c SNK
|e AACR2
|
| 041 |
0 |
|
|a slo
|
| 044 |
|
|
|a xo
|c SK
|
| 072 |
|
7 |
|a 821.162.4-3
|x Slovenská próza
|2 konspekt
|
| 080 |
|
|
|a 821.162.4-31
|2 2001
|
| 080 |
|
|
|a (086.76)
|2 2001
|
| 100 |
1 |
|
|a Vajayová, Veronika
|4 aut
|9 415330
|
| 245 |
1 |
0 |
|a Nič nás nerozdelí
|h elektronický zdroj
|c autor: Vajayová, Veronika ; číta: Ivana Klemová
|
| 260 |
|
|
|a Levoča
|b SKN
|c 2012
|
| 300 |
|
|
|a 1 elektronický optický disk (CD-ROM)
|b digitál., mono., MP3
|c 12 cm
|
| 306 |
|
|
|a 063000
|
| 520 |
8 |
|
|a Láska je vraj zmyslom života a s ňou sa dajú zvládnuť všetky prekážky. Ale čo taká Viktória, ktorá ešte lásku nepoznala? A zrazu jej osud priviedol do života dvoch chlapcov. Venované čitateľkám na prahu dospelosti...
|
| 521 |
|
|
|a Pre nevidiacich a slabozrakých
|
| 655 |
|
7 |
|a zvukové záznamy
|2 SNKPH
|9 70720
|
| 655 |
|
7 |
|a slovenské romány
|2 SNKPH
|9 70324
|
| 655 |
|
7 |
|a CD-ROM
|2 SNKPH
|9 70236
|
| 700 |
1 |
|
|a Klemová, Ivana
|4 nrt
|9 330361
|
| 710 |
2 |
|
|a Slovenská knižnica pre nevidiacich Mateja Hrebendu v Levoči
|4 pbl
|9 249391
|
| 919 |
|
|
|a 978-80-8110-885-3
|
| 958 |
|
|
|a SX
|
| 958 |
|
|
|a LX
|
| 999 |
|
|
|c 665580
|d 667510
|
| 952 |
|
|
|a SNK
|b SNK
|y PREZ
|7 0
|p 17A0954600
|o snkSCDM 4851
|i snk2012/11576
|8 0
|0 0
|1 0
|4 0
|d 2012-06-14
|l 0
|r 2026-02-23 19:07:59
|w 2026-02-23
|